Coyuntura actual y subsunción real del consumo bajo el capital /

Guardado en:
Bibliografiske detaljer
Hovedforfatter: Veraza Urtuzuástegui, Jorge
Format: Texto
Tags: Tilføj Tag
Ingen Tags, Vær først til at tagge denne postø!

MARC

LEADER 00000 a a2200000 04500
001 46022
003
040
100 |a Veraza Urtuzuástegui, Jorge  
245 |a Coyuntura actual y subsunción real del consumo bajo el capital /  |c Jorge Veraza Urtuzuástegui  
773 |g número61 (1992), páginas 9-15  
999 |c 28972  |d 28972